000
00295nam a22001337a 4500
008
170511b xxu||||| |||| 00| 0 eng d
020
_a
9780314782601
041
_a
eng
080
_2
4TH
_a
4TH
100
_a
15
101
_a
SHJ
245
_a
JUVENILE DELINQUENCY
_c
SIEGEL,L.J
942
_2
udc
_c
BK
999
_c
13163
_d
13163